LEADER 01136nam a2200289 a 4500 001 000000130891 003 CaOOAMICUS 005 20121010120445.0 008 121010s2009 enk u000 u eng r 020 $z9780199551248* 040 $aPUL$bita 082 04$a349.4 245 02$aA dictionary of law /$cedited by Jonathan Law, Elizabeth A. Martin. 250 $a7th ed. 260 $aOxford :$bOxford University Press,$c2009. 300 $a602 p. ;$c20 cm 650 4$aDiritto$zGran Bretagna.$0(OLS)http://pul/subject/10502 700 1 $aLaw, Jonathan.$0(OLS)http://pul/name/83921 700 1 $aMartin, Elizabeth A.$0(OLS)http://pul/name/83922 850 $aPUL 852 $aPUL$W1$xSL Diritto e Scienze Sociali 3$y79$m349. 4 LAWJO 1$j151293$qDDC 21$B150040$CPULBib$Z2$F150040 $H121010 $82 941 1 $a9 996 $6020$z9780199551248*$9(OLS)http://pul/number/150856 996 $6082$a349.4$9(OLS)http://pul/classification/1907 996 $6245$aA dictionary of law$9(OLS)http://pul/title/165413 996 $6260$aOxford :$bOxford University Press$9(OLS)http://pul/publisher/48013 LEADER 01247nam a2200325 a 4500 001 000000140825 003 CaOOAMICUS 005 20141205133211.0 008 141205s2013 enk u000 u eng r 020 $a978-0-19-968997-2 040 $aPUL$bita 082 04$a340.1 100 1 $aFinnis, John,$d1940-$0(OLS)http://pul/name/8773 245 10$aPhilosophy of law /$cJohn Finnis. 260 $aOxford :$bOxford University Press,$c2013. 300 $ax, 512 p. ;$c24 cm 490 1 $aCollected essays ;$v04 500 $aInclude indici. 504 $aBibliografia p. [467]-488. 650 4$aFilosofia del diritto.$0(OLS)http://pul/subject/620 830 0$aCollected essays ;$v04.$0(OLS)http://pul/title/178180 850 $aPUL 852 $aPUL$W1$xSL Diritto e Scienze Sociali 3$y79$m340. 1 FINJO 1.4$j162584$qDDC 21$B162205$CPULBib$Z2$F162205 $H125048 $82 941 1 $a9 960 $aDiritto$xFilosofia$9620 996 $6020$a978-0-19-968997-2$9(OLS)http://pul/number/156446 996 $6082$a340.1$9(OLS)http://pul/classification/476 996 $6245$aPhilosophy of law$9(OLS)http://pul/title/162804 996 $6260$aOxford :$bOxford University Press$9(OLS)http://pul/publisher/48013